| 000 | 00525nam a22001697a 4500 | ||
|---|---|---|---|
| 999 |
_c9123 _d9123 |
||
| 008 | 210323b ||||| |||| 00| 0 eng d | ||
| 040 | _aBMS College of Architecture | ||
| 100 | _aLasrado, Rollson | ||
| 245 | _aLink alive lake front vertical dwellings | ||
| 300 | _a52p. | ||
| 500 | _a1BM05AT040 | ||
| 502 |
_8B.Arch _NBMS College of Architecture, Visvesvaraya Technological University _aProject report _d2011 |
||
| 650 | _aNA | ||
| 700 |
_aSindhu Jaganathan _eGuide |
||
| 700 |
_aK R Madhu Chand _eGuide |
||
| 942 |
_2ddc _cTHE |
||